Score 0/24 Timer 02:00
0 Plays Today
Title 'T' Word % Correct
Let's ____ About SexTalk
99.7%
____ My Breath AwayTake
98.4%
Us and ____Them
94.7%
Lara Croft: ____ RaiderTomb
94%
Star ____Trek
93.7%
The Parent ____Trap
92.6%
If I Could ____ Back TimeTurn
92.5%
All ____ JazzThat
92%
____ Laura I Love HerTell
90.9%
____ DriverTaxi
89.7%
Good Riddance ( ____ of Your Life)Time
88.6%
The ____ Red LineThin
88%
Title 'T' Word % Correct
____ DancerTiny
87.5%
The Times ____ Are a-Changin'They
85.5%
A Bronx ____Tale
83.9%
____ Is Spinal TapThis
83.9%
____ LiesTrue
82.2%
The ____ Is HighTide
80.8%
Long ____ SallyTall
79.4%
Magical Mystery ____Tour
76.6%
____ WolfTeen
74.7%
Somebody ____ MeTold
61.2%
____: The Dark WorldThor
59.7%
____ America: World PoliceTeam
52.1%

Today's Daily Dose

Remove Ads.
Support Sporcle.
Get the best of Sporcle when you Go Orange. This ad-free experience offers more features, more stats, and more fun while also helping to support Sporcle. Thank you for becoming a member.

You're not logged in!

Compare scores with friends on all Sporcle quizzes.
OR
Log In

Show Comments

Extras

Top Quizzes Today


Score Distribution

Your Account Isn't Verified!

In order to create a playlist on Sporcle, you need to verify the email address you used during registration. Go to your Sporcle Settings to finish the process.

Report this User

Report this user for behavior that violates our Community Guidelines.

Details: